Estadística hidrológica año 2000. /

Guardado en:
Autor Corporativo: Ministerio de Infraestructura y Vivienda. Subsecretaría de Recursos Hídricos.
Formato: Libro
Idioma:Spanish
Publicado: Buenos Aires : Subsecretaría de Recursos Hídricos, Ministerio de Infraestructura y Vivienda, 2000.
Materias:
Etiquetas: Agregar Etiqueta
Sin Etiquetas, Sea el primero en etiquetar este registro!
LEADER 00684nam a22001695a 4500
001 EEA.libagro006896
005 20180605124316.0
008 130809s2000####ag#a##########000#0#spa#d
020 |a 9879886909 
082 0 4 |a 551.483021 
082 0 4 |a 333.9100982 
245 1 0 |a Estadística hidrológica año 2000. /  |c Subsecretaría de Recursos Hídricos. 
260 |a Buenos Aires :  |b Subsecretaría de Recursos Hídricos, Ministerio de Infraestructura y Vivienda,  |c 2000. 
300 |a 291 p. :  |b tabls. ;  |c 30 cm. 
653 |a Cuencas hidrográficas 
710 2 |a Ministerio de Infraestructura y Vivienda.  |b Subsecretaría de Recursos Hídricos. 
859 |a AR-BbBCA  |b BIB. AGRONOMIA  |h 551.483021  |i A691-1  |p 2001/4263